| 000 | 00440ntaaa2200181 4500 | ||
|---|---|---|---|
| 003 | 01 | ||
| 005 | 20251027200816.0 | ||
| 008 | 0714s1973 ag 01 | ||
| 040 |
_aAR-BaBN _bspa _cAR-BaBN _eaacr _dRIC |
||
| 082 | _a225.7 N39 | ||
| 100 | _aReuss, Joseph | ||
| 245 |
_aCarta a Tito / _cJoseph Reuss |
||
| 250 | _a1 ed. | ||
| 260 |
_aBarcelona : _bHerder, _c1967 |
||
| 300 | _a75 p | ||
| 650 |
_aBiblia-Nuevo Testamento-Tito _94443 |
||
| 942 | _cBK | ||
| 999 |
_c2229 _d2229 |
||